Statistics for You're in the wrong group! - Coldplay Songs vs Albums

Click here to take the quiz!

General Stats

  • This quiz has been taken 67 times
  • The average score is 9 of 9

Answer Stats

HintAnswer% Correct
Every Teardrop Is A Waterfall; A Sky Full Of Stars; ParadiseA Sky Full Of Stars
100%
Fix You; The Scientist; ClocksFix You
98%
Shiver; In My Place; TroubleIn My Place
98%
Another's Arms; Lost!; True LoveLost!
98%
Don't Panic; High Speed; Speed Of SoundSpeed Of Sound
98%
White Shadows; Swallowed In The Sea; Up In FlamesUp In Flames
98%
What If?; Politik; AmsterdamWhat If?
98%
Charlie Brown; Adventure Of A Lifetime; Hurts Like HeavenAdventure Of A Lifetime
97%
Us Against The World; Amazing Day; Up&UpUs Against The World
97%

Score Distribution

Percentile by Number Answered

Percent of People with Each Score

Your Score History

You have not taken this quiz